Pojistitelnost vývozních úvěrových rizik z pohledu ekonomické teorie
Základné princípy poistiteľnosti vývozných úverových rizík v podmienkach, za ktorých sú vývozné úverové riziká poistiteľné len so štátnou podporou. Tento druh úverového poistenia poskytuje v Českej republike výlučne EGAP, a.s. Definícia úverových rizík. Determinanty poistiteľnosti.
Gespeichert in:
| 1. Verfasser: | |
|---|---|
| Format: | Buchkapitel |
| Sprache: | Tschechisch |
| Schlagworte: | |
| Tags: |
Keine Tags, Fügen Sie das erste Tag hinzu!
|
MARC
| LEADER | 00000naa$a2200000$$$4500 | ||
|---|---|---|---|
| 001 | 0037381 | ||
| 005 | 20231103084927.9 | ||
| 041 | 0 | |a cze | |
| 044 | |a CZ | ||
| 245 | 1 | 0 | |a Pojistitelnost vývozních úvěrových rizik z pohledu ekonomické teorie |c Tomáš Barči |
| 520 | |a Základné princípy poistiteľnosti vývozných úverových rizík v podmienkach, za ktorých sú vývozné úverové riziká poistiteľné len so štátnou podporou. Tento druh úverového poistenia poskytuje v Českej republike výlučne EGAP, a.s. Definícia úverových rizík. Determinanty poistiteľnosti. | ||
| 610 | 2 | 0 | |a riziko úverové |
| 610 | 2 | 0 | |a definície |
| 610 | 2 | 0 | |a poistenie rizikové |
| 610 | 2 | 0 | |a poistenie záujmov zahraničných |
| 100 | 1 | |a Barči, Tomáš | |